(Khmer) The 7 habits of highly effective teens / (Record no. 49826)
| 000 -LEADER | |
|---|---|
| fixed length control field | 00335nam a2200109 4500 |
| 020 ## - INTERNATIONAL STANDARD BOOK NUMBER | |
| International Standard Book Number | 9789924909613 |
| 245 ## - TITLE STATEMENT | |
| Title | (Khmer) The 7 habits of highly effective teens / |
| Statement of responsibility, etc | Sean Covey. Translated by Donida. |
| 260 ## - PUBLICATION, DISTRIBUTION, ETC. (IMPRINT) | |
| Place of publication, distribution, etc | Cambodia: |
| Name of publisher, distributor, etc | My Bookshop; |
| Date of publication, distribution, etc | 2016. |
| 300 ## - PHYSICAL DESCRIPTION | |
| Extent | 477 p. |
| Dimensions | 21 cm. |
| 650 ## - SUBJECT ADDED ENTRY--TOPICAL TERM | |
| Topical term or geographic name as entry element | Motivational. |
| 9 (RLIN) | 86964 |
| 942 ## - ADDED ENTRY ELEMENTS (KOHA) | |
| Source of classification or shelving scheme | |
| Koha item type | Khmer NON FIC Books |
| Withdrawn status | Lost status | Source of classification or shelving scheme | Damaged status | Not for loan | Collection code | Home library | Current library | Shelving location | Date acquired | Full call number | Barcode | Date last seen | Price effective from | Koha item type |
|---|---|---|---|---|---|---|---|---|---|---|---|---|---|---|
| Siem Riep | Asian Hope Secondary Library | Asian Hope Secondary Library | 12/03/2025 | KHMER 158.08 COV | 208827 | 01/16/2026 | 12/03/2025 | Khmer NON FIC Books |